| 000 | 01907nam0a2200421 4500 | ||
|---|---|---|---|
| 001 | RU\NLR\bibl\1002431 | ||
| 005 | 20250614224915.0 | ||
| 010 |
_a5-8149-0325-2 _9150 |
||
| 021 |
_aRU _b2006-56586 _92799 |
||
| 035 | _a(nilc)EL/0000068645 | ||
| 035 | _a(NLR Aleph) 000990132 | ||
| 090 |
_a513619 _c513619 |
||
| 100 | _a20060608d2006 |||y0rusy50 ca | ||
| 101 | 0 | _arus | |
| 102 | _aRU | ||
| 105 | _aa ||||||||| | ||
| 200 | 1 |
_aСкульптура и пластическое моделирование _eучебное пособие _eдля студентов вузов, обучающихся по специальности 052400 "Дизайн" _fА.А. Юдин _gФедер. агентство по образованию, Гос. образоват. учреждение высш. проф. образования "Ом. гос. техн. ун-т" |
|
| 210 |
_aОмск _cИзд-во ОмГТУ _d2006 |
||
| 215 |
_a111 с. _cил. _d20 |
||
| 320 | _aБиблиогр. в конце тем | ||
| 606 | 1 |
_aСкульптура _jУчебные издания для высших учебных заведений _xТехника _91506299 _3RU\NLR\auth\66653344 |
|
| 606 | 1 |
_aСкульптура русская _jУчебные издания для высших учебных заведений _9972948 _3RU\NLR\auth\66365189 |
|
| 610 | 1 | _aСкульптура | |
| 610 | 1 | _aПластическое моделирование | |
| 610 | 1 | _aЛепка | |
| 610 | 1 | _aКерамика | |
| 686 |
_a85.13я73 _vLBC/RL _2rubbk |
||
| 686 | _aЩ130.80я73 | ||
| 686 | _aЩ133(2Р=Рус)я73 | ||
| 700 | 1 |
_aЮдин _bА. А. _4070 |
|
| 801 | 0 |
_aRU _bОмская ГОНБ _c20060608 _grcr |
|
| 801 | 1 |
_aRU _bОмская ГОНБ _c20060608 |
|
| 801 | 2 |
_aRU _bNLR _c20061030 _grcr |
|
| 830 | _aАвт. не раскрыть | ||
| 942 | _cBOOK | ||
| 980 | _aNB | ||
| 980 | _aNBR | ||